|
|
|
|
| LEADER |
00000cam a2200000 7i4500 |
| 001 |
0000015672 |
| 005 |
20080411.0 |
| 008 |
080403 |
| 020 |
|
|
|a 0300115635
|
| 090 |
0 |
0 |
|a 822.33
|b SHA
|
| 100 |
1 |
|
|a Shakespeare, William
|
| 245 |
1 |
0 |
|a Twelfth night, or, What you will
|c William Shakespeare ; edited, fully annotated, and introduced by Burton Raffel ; with an essay by Harold Bloom
|
| 260 |
|
|
|a New York :
|b Yale University Press ,
|c 2007
|
| 650 |
|
0 |
|a Mistaken identity
|x Drama
|
| 650 |
|
0 |
|a Survival after airplane accidents, shipwrecks, etc
|x Fiction
|
| 700 |
0 |
|
|a Burton Raffel
|
| 700 |
0 |
|
|a Harold Bloom
|
| 999 |
|
|
|a 0001018413
|b Book
|c Adult Collection
|e Perbadanan Perpustakaan Awam Johor
|